00573 2200205 4500001002100000005001500021035002000036245007500056100001900131250002000150300002600170856003600196700001200232260003900244082001200283084001800295020002200313990001600335990001600351INLIS00000000000050320200306021201 a0010-03200000721 aEnsiklopedia catatan emas piala dunia sepanjang masa /cSuryo Sukendro0 aSuryo Sukendro aCetakan Pertama a298 hlm ;c17 x 24 cm aPerpustakaan Umum Kota Makassar0 aRose KR aYogyakarta :bAR-RUZZ MEDIA,c2014 a796.334 a796.334 SUK e a978-602-7874-83-1 a00000000838 a00000000839